Sports Quiz

Random Sports or NCAA Quiz
Score 0/68 Timer 03:00
0 Plays Today
% Correct
Pittsburgh
53.6%
Florida
46.4%
Kansas
44.8%
UConn
41.6%
Ohio State
38.4%
Butler
35.2%
Duke
34.4%
Kansas State
28%
Virginia Commonwealth
28%
Kentucky
27.2%
Notre Dame
26.4%
Brigham Young
25.6%
Wisconsin
24.8%
St. John's
23.2%
UCLA
21.6%
Syracuse
20%
Michigan State
19.2%
Purdue
19.2%
UNC
19.2%
Old Dominion
18.4%
Louisville
18.4%
Gonzaga
17.6%
UC Santa Barbara
17.6%
UNC Asheville
17.6%
San Diego State
17.6%
Utah State
16.8%
Belmont
16.8%
Wofford
16.8%
UNLV
16.8%
Illinois
16.8%
Texas
16.8%
Boston University
16%
Arizona
16%
Tennessee
16%
% Correct
Missouri
16%
Arkansas-Little Rock
16%
Vanderbilt
15.2%
Georgetown
15.2%
Texas A&M
15.2%
Richmond
15.2%
Saint Peter's
15.2%
Cincinnati
15.2%
Michigan
15.2%
Penn State
15.2%
Hampton
15.2%
Florida State
14.4%
Morehead State
14.4%
Akron
14.4%
Temple
14.4%
Memphis
14.4%
Oakland
14.4%
Northern Colorado
14.4%
USC
14.4%
Bucknell
13.6%
West Virginia
12%
Xavier
12%
Washington
12%
George Mason
12%
UAB
11.2%
Villanova
10.4%
Georgia
10.4%
Marquette
10.4%
Clemson
9.6%
Princeton
8%
Indiana State
8%
Alabama State
8%
Long Island University
6.4%
Texas-San Antonio
6.4%
Remove Ads.
Support Sporcle.
Get the best of Sporcle when you Go Orange. This ad-free experience offers more features, more stats, and more fun while also helping to support Sporcle. Thank you for becoming a member.

You're not logged in!

Compare scores with friends on all Sporcle quizzes.
OR
Log In

Sporcle TV

Today on Sporcle TV


Watch our educational content, quiz creation guides, and fun videos on Sporcle TV.

Show Comments

Extras

Top Quizzes Today


Score Distribution

Paid Content

Your Account Isn't Verified!

In order to create a playlist on Sporcle, you need to verify the email address you used during registration. Go to your Sporcle Settings to finish the process.

Report this User

Report this user for behavior that violates our Community Guidelines.

Details: